The survey study on caring for the new born piglets until weaning in pao sinob farm in korng pisey, kampong soue province, (ការសិក្សាពីជំងឺរាកកូនជ្រូកពេលកើតដល់ផ្ដាច់ដោះ នៅកសដ្ឌាន ពៅ ស៊ីណុប ស្រុកគងពិសី ខេត្តកំពង់ស្ពឺ) (Record no. 2573)

000 -LEADER
fixed length control field 00757nam a22001577a 4500
003 - CONTROL NUMBER IDENTIFIER
control field OSt
005 - DATE AND TIME OF LATEST TRANSACTION
control field 20151024104745.0
008 - FIXED-LENGTH DATA ELEMENTS--GENERAL INFORMATION
fixed length control field 151024b xxu||||| |||| 00| 0 eng d
040 ## - CATALOGING SOURCE
Transcribing agency RUA
082 ## - DEWEY DECIMAL CLASSIFICATION NUMBER
Classification number AVM HUC 2012 B0101 Or.1
100 ## - MAIN ENTRY--PERSONAL NAME
9 (RLIN) 2750
Personal name HUCH CHANTHO
245 ## - TITLE STATEMENT
Title The survey study on caring for the new born piglets until weaning in pao sinob farm in korng pisey, kampong soue province, (ការសិក្សាពីជំងឺរាកកូនជ្រូកពេលកើតដល់ផ្ដាច់ដោះ នៅកសដ្ឌាន ពៅ ស៊ីណុប ស្រុកគងពិសី ខេត្តកំពង់ស្ពឺ)
260 ## - PUBLICATION, DISTRIBUTION, ETC. (IMPRINT)
Place of publication, distribution, etc. Phnom Penh
Name of publisher, distributor, etc. Rua
Date of publication, distribution, etc. 2012
300 ## - PHYSICAL DESCRIPTION
Extent viii, 44p.
Other physical details ill.
Dimensions 29cm.
942 ## - ADDED ENTRY ELEMENTS (KOHA)
Source of classification or shelving scheme
Koha item type AVM
Holdings
Price effective from Date last seen Permanent Location Not for loan Date acquired Source of classification or shelving scheme Koha item type Lost status Withdrawn status Total Renewals Date last checked out Total Checkouts Shelving location Damaged status Barcode Current Location Full call number
2015-10-242016-09-12Library Block B 2015-10-24 AVM  12016-08-252B101 RUA016658Library Block BAVM HUC 2012 B0101 Or.1
2015-10-242015-10-24Library Block B 2015-10-24 AVM     B101 RUA009658Library Block BAVM HUC 2012 B0101 Or.2
2015-10-242015-10-24Library Block B 2015-10-24 AVM     B101 RUA009802Library Block BAVM HUC 2012 B0101 Or.3
2015-10-282017-08-09Library Block B 2015-10-28 AVM   2017-08-011B101 RUA019160Library Block BAVM HUC 2012 B0101 Or.3
2015-10-282015-10-28Library Block B 2015-10-28 AVM     B101 RUA019168Library Block BAVM HUC 2012 B0101 Or.3
2015-10-282018-10-05Library Block B 2015-10-28 AVM  22018-08-159B101 RUA019358Library Block BAVM HUC 2012 B0101 Or.4
មជ្ឈមណ្ឌលឯការនៃសាកលវិទ្យាល័យភូមិន្ទកសិកម្មចំការដូង

Powered by Koha